00553nam a2200145Ia 4500008004100000020001800041041000800059082002400067100003100091245006600122260004500188300000900233999001900242952014600261230519s9999 xx 000 0 und d a0-7216-8532-3 aeng a610.7361/GAY/DB0570 aGeorge Gay Beverly9180420 aClinical Medical Surgical Nursing : Decision making reference bW B Saunders CompanyaPhiladelphiac2012 a996p c159305d159305 00104070aBTINbBTINd2017-08-03g300.00i859l2o610.7361 GAY DB0570pBTIN-DB-570r2023-09-13 00:00:00s2023-09-12w2017-08-03yDBzDB0570